Современные подходы и технологии в образовательной среде; Информационные технологии в науке, управлении, социальной сфере и медицине; Ч. 1

Detalles Bibliográficos
Parent link:Информационные технологии в науке, управлении, социальной сфере и медицине: сборник научных трудов III Международной научной конференции, 23-26 мая 2016 г., Томск.— , 2016
Ч. 1.— 2016.— [С. 430-431]
Autor principal: Черев Е. В.
Autor Corporativo: Национальный исследовательский Томский политехнический университет (ТПУ)
Sumario:Заглавие с титульного экрана
Describes the physiological characteristics of modern students when working with information. The basic types of pedagogical activities that can be used online services. Analyzed functionality in the most common Internet resources. The most affordable and functional e-platform.
Lenguaje:ruso
Publicado: 2016
Colección:Информационные технологии в образовании. Электронное обучение
Materias:
Acceso en línea:http://earchive.tpu.ru/handle/11683/31608
Formato: MixedMaterials Electrónico Capítulo de libro
KOHA link:https://koha.lib.tpu.ru/cgi-bin/koha/opac-detail.pl?biblionumber=619395

MARC

LEADER 00000naa2a2200000 4500
001 619395
005 20231101133047.0
035 |a (RuTPU)RU\TPU\conf\17812 
035 |a RU\TPU\conf\17809 
090 |a 619395 
100 |a 20160819d2016 k y0rusy50 ca 
101 0 |a rus 
102 |a RU 
105 |a y z 101zy 
135 |a drcn ---uucaa 
181 0 |a i  
182 0 |a b 
200 1 |a Современные подходы и технологии в образовательной среде  |d Modern approaches and technologies in the educational environment  |f Е. В. Черев 
203 |a Текст  |c электронный 
225 1 |a Информационные технологии в образовании. Электронное обучение 
230 |a 1 компьютерный файл (pdf; 241 Kb) 
300 |a Заглавие с титульного экрана 
320 |a [Библиогр.: с. 431 (11 назв.)] 
330 |a Describes the physiological characteristics of modern students when working with information. The basic types of pedagogical activities that can be used online services. Analyzed functionality in the most common Internet resources. The most affordable and functional e-platform. 
461 1 |0 (RuTPU)RU\TPU\conf\17281  |t Информационные технологии в науке, управлении, социальной сфере и медицине  |o сборник научных трудов III Международной научной конференции, 23-26 мая 2016 г., Томск  |o в 2 ч.  |d 2016 
463 1 |0 (RuTPU)RU\TPU\conf\17283  |t Ч. 1  |f Национальный исследовательский Томский политехнический университет (ТПУ) ; ред. кол. О. Г. Берестнева ; О. М. Гергет ; Т. А. Гладкова  |v [С. 430-431]  |d 2016 
510 1 |a Modern approaches and technologies in the educational environment  |z eng 
610 1 |a труды учёных ТПУ 
610 1 |a электронные ресурсы 
610 1 |a технологии 
610 1 |a Болонский процесс 
610 1 |a современные технологии 
610 1 |a образовательные процессы 
610 1 |a традиционное обучение 
700 1 |a Черев  |b Е. В. 
712 0 2 |a Национальный исследовательский Томский политехнический университет (ТПУ)  |c (2009- )  |2 stltpush  |3 (RuTPU)RU\TPU\col\15902 
801 2 |a RU  |b 63413507  |c 20160912  |g RCR 
856 4 |u http://earchive.tpu.ru/handle/11683/31608 
942 |c BK